[Event "Oberliga Ost A 2023 2024"]
[Site "?"]
[Date "2024.01.13"]
[Round "4.5"]
[Board "5"]
[White "Kunze, Kerstin"]
[Black "Pietzsch, Manuel"]
[Result "1/2-1/2"]
[WhiteElo "1987"]
[BlackElo "2067"]
[PlyCount "51"]
[EventDate "2023.10.22"]
[EventType "team-tourn"]
[EventCountry "GER"]
[WhiteTeam "Aue ESV Nickelhuette II"]
[BlackTeam "Leipzig SG"]
[WhiteTeamCountry "GER"]
[BlackTeamCountry "GER"]

1. e4 c5 2. Nf3 Nc6 3. Bb5 g6 4. O-O Bg7 5. c4 e5 6. Nc3 Nge7 7. Nd5 O-O 8. d3 d6 9. h3 h6 10. Bd2 f5 11. Rb1 f4 12. Ba4 g5 13. Nxe7+ Qxe7 14. Bxc6 bxc6 15. Nh2 g4 16. hxg4 h5 17. f3 hxg4 18. Nxg4 Bxg4 19. fxg4 Qg5 20. Qf3 Rf6 21. Kf2 Rg6 22. Rh1 Rd8 23. Rh5 Qxg4 24. Qxg4 Rxg4 25. Rh3 Bf6 26. Kf3 1/2-1/2

[Event "Oberliga Ost A 2023 2024"]
[Site "?"]
[Date "2024.01.13"]
[Round "4.5"]
[Board "6"]
[White "Hoffmann, Hendrik"]
[Black "Poessel, Christian"]
[Result "1-0"]
[WhiteElo "2271"]
[BlackElo "1990"]
[PlyCount "99"]
[EventDate "2023.10.22"]
[EventType "team-tourn"]
[EventCountry "GER"]
[WhiteTeam "Leipzig SG"]
[BlackTeam "Aue ESV Nickelhuette II"]
[WhiteTeamCountry "GER"]
[BlackTeamCountry "GER"]

1. e4 c5 2. c3 d5 3. exd5 Qxd5 4. Nf3 Nf6 5. d4 e6 6. Be3 Nbd7 7. c4 Qc6 8. Nc3 a6 9. d5 exd5 10. cxd5 Qc7 11. a4 Bd6 12. h3 O-O 13. Be2 Re8 14. O-O Ne5 15. Rc1 Qe7 16. Nd2 Bf5 17. Bg5 h6 18. Bh4 Ng6 19. Bg3 Rad8 20. Bxd6 Qxd6 21. Nc4 Qf4 22. Ne3 Bc8 23. Re1 Qg5 24. Kh2 Nf4 25. Bf3 Qg6 26. Rc2 Nh7 27. Bg4 Nd3 28. Rf1 Nxf2 29. Rcxf2 Qd6+ 30. Kh1 Rxe3 31. Rxf7 Ng5 32. R7f4 Bxg4 33. Qxg4 Qd7 34. Rf8+ Kh7 35. Rxd8 Qxd8 36. h4 Ne4 37. Nxe4 Qxd5 38. Ng3 Qd3 39. Rf7 Qg6 40. Qxg6+ Kxg6 41. Rxg7+ Kf6 42. Nh5+ Ke6 43. Rxb7 Re4 44. g3 Rxa4 45. Kg2 Rb4 46. Nf4+ Kf5 47. Rxb4 cxb4 48. Kf3 a5 49. g4+ Ke5 50. Ke3 1-0

[Event "Oberliga Ost A 2023 2024"]
[Site "?"]
[Date "2024.01.13"]
[Round "4.5"]
[Board "7"]
[White "Heinz, Thomas"]
[Black "Liedtke, Matthias"]
[Result "1/2-1/2"]
[WhiteElo "2107"]
[BlackElo "2239"]
[PlyCount "35"]
[EventDate "2023.10.22"]
[EventType "team-tourn"]
[EventCountry "GER"]
[WhiteTeam "Aue ESV Nickelhuette II"]
[BlackTeam "Leipzig SG"]
[WhiteTeamCountry "GER"]
[BlackTeamCountry "GER"]

1. e4 e6 2. d4 d5 3. exd5 exd5 4. Nf3 Nc6 5. Bd3 Bg4 6. c3 Bd6 7. O-O Nge7 8. Bg5 Qd7 9. Nbd2 f6 10. Bh4 O-O-O 11. Bg3 Ng6 12. Bxd6 Qxd6 13. Qc2 Nf4 14. Rfe1 Nxd3 15. Qxd3 Qf4 16. Qe3 Qf5 17. h3 Bxf3 18. Nxf3 1/2-1/2

[Event "Oberliga Ost A 2023 2024"]
[Site "?"]
[Date "2024.01.13"]
[Round "4.5"]
[Board "8"]
[White "Peters, Andreas"]
[Black "Schramm, Torsten"]
[Result "1/2-1/2"]
[WhiteElo "2231"]
[BlackElo "2200"]
[PlyCount "27"]
[EventDate "2023.10.22"]
[EventType "team-tourn"]
[EventCountry "GER"]
[WhiteTeam "Leipzig SG"]
[BlackTeam "Aue ESV Nickelhuette II"]
[WhiteTeamCountry "GER"]
[BlackTeamCountry "GER"]

1. b4 e5 2. Bb2 Bxb4 3. Bxe5 Nf6 4. Nf3 d5 5. e3 O-O 6. Be2 Be7 7. O-O c5 8. Bb2 Nc6 9. c4 b6 10. d4 cxd4 11. Nxd4 Nxd4 12. Bxd4 Bb7 13. Bf3 Qd7 14. Nd2 1/2-1/2

[Event "Oberliga Ost A 2023 2024"]
[Site "?"]
[Date "2024.01.13"]
[Round "4.6"]
[Board "1"]
[White "Bures, Jaroslav"]
[Black "Henning, Marvin"]
[Result "1-0"]
[WhiteElo "2415"]
[BlackElo "2091"]
[PlyCount "101"]
[EventDate "2023.10.22"]
[EventType "team-tourn"]
[EventCountry "GER"]
[WhiteTeam "Reichenbrand SV Eiche"]
[BlackTeam "Leipzig SG II"]
[WhiteTeamCountry "GER"]
[BlackTeamCountry "GER"]

1. e4 g6 2. d4 Bg7 3. c4 c5 4. d5 d6 5. Nc3 Nf6 6. Be2 O-O 7. Bg5 b5 8. cxb5 a6 9. bxa6 Qa5 10. Qd2 Nxa6 11. Nf3 Rb8 12. e5 Ng4 13. Bxe7 Nxe5 14. O-O Nxf3+ 15. Bxf3 Re8 16. Bxd6 Rxb2 17. Qxb2 Bxc3 18. Qc1 Bxa1 19. Qxa1 Nb4 20. h4 Bb7 21. Re1 Rxe1+ 22. Qxe1 Qd8 23. Bxc5 Nxd5 24. Qe5 f6 25. Qe6+ Kg7 26. Bd4 h5 27. a4 Ba8 28. a5 Nc7 29. Qb6 Bxf3 30. gxf3 Qe7 31. Bxf6+ Qxf6 32. Qxc7+ Kh6 33. Qc8 Kh7 34. Qb7+ Kh6 35. Qa8 Kh7 36. a6 Qxh4 37. Qa7+ Kg8 38. Qb8+ Kh7 39. Qc7+ Kh6 40. a7 Qg5+ 41. Kh2 Qh4+ 42. Kg2 Qg5+ 43. Qg3 Qa5 44. Qf4+ Kg7 45. Qd4+ Kh7 46. Qe3 h4 47. Qe7+ Kg8 48. Qe8+ Kg7 49. a8=Q Qg5+ 50. Kf1 Qc1+ 51. Qe1 1-0

[Event "Oberliga Ost A 2023 2024"]
[Site "?"]
[Date "2024.01.13"]
[Round "4.6"]
[Board "2"]
[White "Schiffer, Stefan"]
[Black "Fuchs, Florian"]
[Result "1/2-1/2"]
[WhiteElo "2226"]
[BlackElo "2311"]
[PlyCount "118"]
[EventDate "2023.10.22"]
[EventType "team-tourn"]
[EventCountry "GER"]
[WhiteTeam "Leipzig SG II"]
[BlackTeam "Reichenbrand SV Eiche"]
[WhiteTeamCountry "GER"]
[BlackTeamCountry "GER"]

1. d4 g6 2. Nf3 Bg7 3. g3 d6 4. Bg2 Nc6 5. O-O e5 6. dxe5 dxe5 7. Qxd8+ Nxd8 8. Nbd2 Ne7 9. e4 Ne6 10. b3 Nc6 11. Bb2 Bd7 12. Nc4 f6 13. Rad1 O-O-O 14. Ne3 Nc5 15. Nd5 Be6 16. c4 Nxe4 17. Nxe5 fxe5 18. Bxe4 Nd4 19. Kg2 c6 20. Ne3 Rd7 21. Nc2 Rhd8 22. Bxd4 exd4 23. Nb4 Re8 24. Rfe1 Rde7 25. f3 g5 26. Nd3 Bg8 27. Kf2 Kc7 28. Rd2 Bf7 29. Rde2 h6 30. Bf5 Re3 31. Rxe3 dxe3+ 32. Ke2 Bc3 33. Rd1 Bd2 34. g4 b6 35. f4 a5 36. Rh1 gxf4 37. Nxf4 a4 38. Ng2 b5 39. Bd3 Be6 40. h3 axb3 41. axb3 bxc4 42. bxc4 Bc3 43. Rf1 h5 44. Nf4 hxg4 45. Nxe6+ Rxe6 46. hxg4 Bd4 47. g5 Kd6 48. g6 Re8 49. Rg1 Re7 50. Rg5 c5 51. Rg3 Ra7 52. g7 Bxg7 53. Rxe3 Ra2+ 54. Kf3 Be5 55. Re2 Ra8 56. Rg2 Rf8+ 57. Ke2 Bf4 58. Be4 Ke5 59. Bd5 Rb8 1/2-1/2

[Event "Oberliga Ost A 2023 2024"]
[Site "?"]
[Date "2024.01.13"]
[Round "4.6"]
[Board "3"]
[White "Fischer, Edwin"]
[Black "Roemling, Sven"]
[Result "1-0"]
[WhiteElo "2200"]
[BlackElo "2227"]
[PlyCount "123"]
[EventDate "2023.10.22"]
[EventType "team-tourn"]
[EventCountry "GER"]
[WhiteTeam "Reichenbrand SV Eiche"]
[BlackTeam "Leipzig SG II"]
[WhiteTeamCountry "GER"]
[BlackTeamCountry "GER"]

1. d4 Nf6 2. Nf3 e6 3. g3 c5 4. Bg2 d5 5. O-O Nc6 6. c4 cxd4 7. Nxd4 Be7 8. Nc3 O-O 9. cxd5 exd5 10. b3 Re8 11. Bb2 Bb4 12. a3 Bf8 13. h3 Be6 14. Rc1 Rc8 15. Nxe6 fxe6 16. Qd3 Qe7 17. Na4 Qf7 18. Rfd1 Rcd8 19. Qb5 Rb8 20. Nc5 Rec8 21. Bxf6 Bxc5 22. Rxc5 Qxf6 23. e4 Rf8 24. Qe2 Nd4 25. Qe3 b6 26. Rcc1 Nf3+ 27. Bxf3 Qxf3 28. Qxf3 Rxf3 29. exd5 exd5 30. Rxd5 Rbf8 31. Rc2 h6 32. Rd7 R8f7 33. Rc8+ Kh7 34. Rxf7 Rxf7 35. Kg2 h5 36. h4 Rf5 37. Rc3 Kh6 38. f4 Ra5 39. a4 Rd5 40. Kf3 Rd4 41. Ke3 Rb4 42. Kd2 a5 43. Re3 Kg6 44. Kc3 Kf6 45. Re5 g6 46. Rg5 Kf7 47. f5 gxf5 48. Rxf5+ Kg6 49. Rg5+ Kh6 50. Rb5 Rg4 51. Rxb6+ Kg7 52. Rb5 Rxg3+ 53. Kb2 Kg6 54. Rxa5 Rg4 55. Rc5 Rxh4 56. a5 Rf4 57. a6 Rf2+ 58. Ka3 Rf1 59. Kb4 h4 60. Ra5 Rf8 61. a7 Ra8 62. Kb5 1-0

[Event "Oberliga Ost A 2023 2024"]
[Site "?"]
[Date "2024.01.13"]
[Round "4.6"]
[Board "4"]
[White "Neuhoff, Laertes"]
[Black "Laemmel, Sebastian"]
[Result "0-1"]
[WhiteElo "2093"]
[BlackElo "2167"]
[PlyCount "60"]
[EventDate "2023.10.22"]
[EventType "team-tourn"]
[EventCountry "GER"]
[WhiteTeam "Leipzig SG II"]
[BlackTeam "Reichenbrand SV Eiche"]
[WhiteTeamCountry "GER"]
[BlackTeamCountry "GER"]

1. e4 e6 2. d4 d5 3. Nd2 Be7 4. Ngf3 Nf6 5. e5 Nfd7 6. Bd3 c5 7. c3 b6 8. O-O Ba6 9. Bxa6 Nxa6 10. Re1 O-O 11. Qe2 Qc8 12. Nf1 cxd4 13. cxd4 Qc4 14. Qxc4 dxc4 15. Ne3 Nb4 16. Rd1 b5 17. d5 Nc5 18. d6 Bd8 19. Bd2 Nbd3 20. Bc3 Ne4 21. Rf1 a6 22. Bd4 Rc8 23. Rad1 f6 24. exf6 gxf6 25. b3 e5 26. d7 Ra8 27. Ba1 Bb6 28. Nd2 Nexf2 29. Rxf2 Bxe3 30. Ne4 f5 0-1

[Event "Oberliga Ost A 2023 2024"]
[Site "?"]
[Date "2024.01.13"]
[Round "4.6"]
[Board "5"]
[White "Kyas, Juergen"]
[Black "Schunk, Thomas"]
[Result "1/2-1/2"]
[WhiteElo "2178"]
[BlackElo "2160"]
[PlyCount "25"]
[EventDate "2023.10.22"]
[EventType "team-tourn"]
[EventCountry "GER"]
[WhiteTeam "Reichenbrand SV Eiche"]
[BlackTeam "Leipzig SG II"]
[WhiteTeamCountry "GER"]
[BlackTeamCountry "GER"]

1. e4 g6 2. d4 Bg7 3. Nf3 d6 4. Nc3 c6 5. a4 Nf6 6. Be2 O-O 7. O-O Qc7 8. Be3 h6 9. Nd2 b6 10. f4 a6 11. e5 Nd5 12. Nxd5 cxd5 13. Bd3 1/2-1/2

[Event "Oberliga Ost A 2023 2024"]
[Site "?"]
[Date "2024.01.13"]
[Round "4.6"]
[Board "6"]
[White "Dietze, Frank"]
[Black "Kapp, Martin"]
[Result "0-1"]
[WhiteElo "2071"]
[BlackElo "2169"]
[PlyCount "70"]
[EventDate "2023.10.22"]
[EventType "team-tourn"]
[EventCountry "GER"]
[WhiteTeam "Leipzig SG II"]
[BlackTeam "Reichenbrand SV Eiche"]
[WhiteTeamCountry "GER"]
[BlackTeamCountry "GER"]

1. d4 Nf6 2. c4 e6 3. g3 Bb4+ 4. Bd2 a5 5. Nf3 O-O 6. Bg2 d5 7. a3 Be7 8. O-O c6 9. Qc2 Nbd7 10. Bf4 Nh5 11. Bc1 f5 12. e3 Bf6 13. cxd5 cxd5 14. a4 b6 15. Qc6 Nb8 16. Qxa8 Qc7 17. Na3 Nc6 18. Nb5 Qd7 19. b3 Bb7 20. Qxf8+ Kxf8 21. Ba3+ Kg8 22. Rfc1 g5 23. Bf1 g4 24. Ne1 e5 25. Rd1 f4 26. Rac1 fxe3 27. fxe3 exd4 28. Bg2 Qe6 29. Kh1 Bg5 30. Nc7 Nxg3+ 31. hxg3 Qh6+ 32. Kg1 Bxe3+ 33. Kf1 Qf6+ 34. Nf3 gxf3 35. Bh3 Qh6 0-1

[Event "Oberliga Ost A 2023 2024"]
[Site "?"]
[Date "2024.01.13"]
[Round "4.6"]
[Board "7"]
[White "Weisspflog, Janek"]
[Black "Herrmann, Arthur"]
[Result "1/2-1/2"]
[WhiteElo "2049"]
[BlackElo "2005"]
[PlyCount "33"]
[EventDate "2023.10.22"]
[EventType "team-tourn"]
[EventCountry "GER"]
[WhiteTeam "Reichenbrand SV Eiche"]
[BlackTeam "Leipzig SG II"]
[WhiteTeamCountry "GER"]
[BlackTeamCountry "GER"]

1. d4 d5 2. Nf3 Nf6 3. c4 dxc4 4. Nc3 e6 5. e4 c5 6. d5 exd5 7. exd5 a6 8. a4 Bd6 9. Bxc4 Bg4 10. O-O O-O 11. Bg5 Re8 12. h3 Bxf3 13. Qxf3 Nbd7 14. Bxf6 Nxf6 15. Rfe1 Qd7 16. Bd3 Rxe1+ 17. Rxe1 1/2-1/2

[Event "Oberliga Ost A 2023 2024"]
[Site "?"]
[Date "2024.01.14"]
[Round "5.1"]
[Board "1"]
[White "Teske, Henrik"]
[Black "Dahl, Christoph"]
[Result "1/2-1/2"]
[WhiteElo "2453"]
[BlackElo "2360"]
[PlyCount "90"]
[EventDate "2023.10.22"]
[EventType "team-tourn"]
[EventCountry "GER"]
[WhiteTeam "Erfurt SV Empor"]
[BlackTeam "Dresden SG Gruen Weiss"]
[WhiteTeamCountry "GER"]
[BlackTeamCountry "GER"]

1. e4 e5 2. Nf3 Nc6 3. Nc3 Nf6 4. a3 d5 5. Bb5 d4 6. Nxe5 dxc3 7. Nxc6 bxc6 8. Bxc6+ Bd7 9. Bxa8 cxd2+ 10. Qxd2 Qxa8 11. f3 Bd6 12. Qc3 O-O 13. Be3 Re8 14. O-O-O Re6 15. Kb1 Bb5 16. Rd2 Nd7 17. Rhd1 Re8 18. Rd5 a6 19. Bd4 f6 20. a4 Bc6 21. Ra5 Kh8 22. Qc4 Bb7 23. g4 Ne5 24. Qc3 h6 25. Bc5 Nc6 26. Bxd6 Nxa5 27. Qxc7 Nc6 28. Rd3 Qc8 29. Qf7 Rd8 30. f4 Rd7 31. Qe6 Rd8 32. Qf7 Rd7 33. Qe6 Na5 34. e5 Rc7 35. Qxc8+ Rxc8 36. exf6 gxf6 37. Be7 f5 38. Bf6+ Kg8 39. gxf5 Be4 40. Rg3+ Kf8 41. Bg7+ Kf7 42. Bc3 Bxf5 43. Bxa5 Rxc2 44. Ka2 Rxh2 45. Rc3 h5 1/2-1/2

[Event "Oberliga Ost A 2023 2024"]
[Site "?"]
[Date "2024.01.14"]
[Round "5.1"]
[Board "2"]
[White "Zwahr, Paul"]
[Black "Mueller, Magnus"]
[Result "1/2-1/2"]
[WhiteElo "2280"]
[BlackElo "2137"]
[PlyCount "43"]
[EventDate "2023.10.22"]
[EventType "team-tourn"]
[EventCountry "GER"]
[WhiteTeam "Dresden SG Gruen Weiss"]
[BlackTeam "Erfurt SV Empor"]
[WhiteTeamCountry "GER"]
[BlackTeamCountry "GER"]

1. e4 c5 2. Nf3 e6 3. d4 cxd4 4. Nxd4 Nc6 5. Nc3 a6 6. Nxc6 bxc6 7. Qd3 d5 8. Qg3 h5 9. Bd3 h4 10. Qf3 Nf6 11. O-O Be7 12. Bd2 e5 13. h3 Be6 14. Rfe1 d4 15. Na4 Nh5 16. b3 Bg5 17. Bxg5 Qxg5 18. Nc5 Nf4 19. Nxe6 Nxe6 20. Qf5 g6 21. Qxg5 Nxg5 22. Bc4 1/2-1/2

[Event "Oberliga Ost A 2023 2024"]
[Site "?"]
[Date "2024.01.14"]
[Round "5.1"]
[Board "3"]
[White "Langheinrich, Ferenc"]
[Black "Kitze, Alexander"]
[Result "0-1"]
[WhiteElo "2347"]
[BlackElo "2291"]
[PlyCount "70"]
[EventDate "2023.10.22"]
[EventType "team-tourn"]
[EventCountry "GER"]
[WhiteTeam "Erfurt SV Empor"]
[BlackTeam "Dresden SG Gruen Weiss"]
[WhiteTeamCountry "GER"]
[BlackTeamCountry "GER"]

1. e4 c5 2. Nf3 d6 3. Bb5+ Bd7 4. Bxd7+ Qxd7 5. O-O Nc6 6. c3 Nf6 7. Qe2 e6 8. d4 cxd4 9. cxd4 d5 10. e5 Ne4 11. Nbd2 Nxd2 12. Bxd2 Be7 13. Rac1 O-O 14. h4 Rfc8 15. h5 Rc7 16. h6 g6 17. Rc3 Rac8 18. Rfc1 a6 19. Qe3 Na7 20. Rxc7 Rxc7 21. Rxc7 Qxc7 22. Qc3 Qxc3 23. Bxc3 f6 24. exf6 Bxf6 25. Bd2 Nc6 26. Bc3 Kf7 27. g4 g5 28. Kf1 Kg6 29. Ke2 Kxh6 30. Ke3 Kg6 31. Ne1 h5 32. gxh5+ Kxh5 33. Nd3 Be7 34. b4 Kg6 35. a4 b5 0-1

[Event "Oberliga Ost A 2023 2024"]
[Site "?"]
[Date "2024.01.14"]
[Round "5.1"]
[Board "4"]
[White "Genkin, Michael"]
[Black "Heinke, Jasper"]
[Result "1/2-1/2"]
[WhiteElo "2265"]
[BlackElo "2043"]
[PlyCount "77"]
[EventDate "2023.10.22"]
[EventType "team-tourn"]
[EventCountry "GER"]
[WhiteTeam "Dresden SG Gruen Weiss"]
[BlackTeam "Erfurt SV Empor"]
[WhiteTeamCountry "GER"]
[BlackTeamCountry "GER"]

1. c4 Nf6 2. Nc3 e6 3. d4 Bb4 4. e3 b6 5. Nge2 Ba6 6. a3 Bxc3+ 7. Nxc3 d5 8. b3 O-O 9. Bb2 Nc6 10. Nb5 Na5 11. a4 c6 12. Na3 Qe7 13. Qc2 Qb4+ 14. Bc3 Qxb3 15. Qxb3 Nxb3 16. Rb1 Na5 17. Bxa5 bxa5 18. c5 Bxf1 19. Rxf1 Rab8 20. Rxb8 Rxb8 21. f3 Ne8 22. Kd2 Rb3 23. Nc2 Nc7 24. Ra1 Na6 25. Ra3 Rb1 26. Ra1 Rb7 27. Ra3 e5 28. Kc3 Rb4 29. Rb3 exd4+ 30. exd4 Rc4+ 31. Kd3 Nb4+ 32. Nxb4 axb4 33. a5 Kf8 34. a6 Ke7 35. Rb2 Rc3+ 36. Kd2 Rc4 37. Kd3 Rc3+ 38. Kd2 Rc4 39. Kd3 1/2-1/2

[Event "Oberliga Ost A 2023 2024"]
[Site "?"]
[Date "2024.01.14"]
[Round "5.1"]
[Board "5"]
[White "Michalowski, Peter"]
[Black "Siedentopf, Daniel"]
[Result "1/2-1/2"]
[WhiteElo "2059"]
[BlackElo "2253"]
[PlyCount "95"]
[EventDate "2023.10.22"]
[EventType "team-tourn"]
[EventCountry "GER"]
[WhiteTeam "Erfurt SV Empor"]
[BlackTeam "Dresden SG Gruen Weiss"]
[WhiteTeamCountry "GER"]
[BlackTeamCountry "GER"]

1. e4 e5 2. Nf3 Nc6 3. Bb5 Nf6 4. Qe2 Bd6 5. c3 O-O 6. d3 Ne7 7. Nh4 c6 8. Ba4 Bc7 9. Bg5 Ng6 10. Qf3 h6 11. Bb3 Kh7 12. Bxf6 Nxh4 13. Bxh4 Qxh4 14. Nd2 d6 15. h3 f5 16. g4 f4 17. Qg2 g6 18. Nf3 Qe7 19. g5 h5 20. Nd2 b5 21. f3 Rb8 22. a3 a5 23. Ke2 Ba6 24. h4 Bb6 25. Qh3 Bc8 26. Qg2 Qa7 27. Rhb1 Ba6 28. a4 Be3 29. axb5 Bxd2 30. Kxd2 Qe3+ 31. Kc2 Bxb5 32. Bc4 d5 33. Bxb5 Rxb5 34. Re1 Rfb8 35. Reb1 d4 36. c4 Rb3 37. Qf1 R8b4 38. Rxa5 Rxb2+ 39. Rxb2 Rxb2+ 40. Kxb2 Qd2+ 41. Kb1 Qb4+ 42. Kc2 Qc3+ 43. Kb1 Qb3+ 44. Kc1 Qc3+ 45. Kb1 Qxa5 46. Qh3 Qb4+ 47. Ka2 Qa4+ 48. Kb2 1/2-1/2

[Event "Oberliga Ost A 2023 2024"]
[Site "?"]
[Date "2024.01.14"]
[Round "5.1"]
[Board "6"]
[White "Kaiser, Dieter"]
[Black "Wiemers, Holger"]
[Result "1/2-1/2"]
[WhiteElo "2234"]
[BlackElo "2053"]
[PlyCount "78"]
[EventDate "2023.10.22"]
[EventType "team-tourn"]
[EventCountry "GER"]
[WhiteTeam "Dresden SG Gruen Weiss"]
[BlackTeam "Erfurt SV Empor"]
[WhiteTeamCountry "GER"]
[BlackTeamCountry "GER"]

1. c4 e6 2. Nf3 d5 3. e3 Nf6 4. b3 Be7 5. Bb2 O-O 6. Nc3 c5 7. cxd5 exd5 8. d4 Nc6 9. Be2 Re8 10. O-O Bg4 11. dxc5 Bxc5 12. Rc1 Be7 13. Rc2 Qa5 14. Nd4 Bxe2 15. Ndxe2 Nb4 16. Rd2 Ne4 17. a3 Nxd2 18. axb4 Qxb4 19. Nxd5 Qxb3 20. Nxe7+ Rxe7 21. Qxd2 a5 22. Nd4 Qd5 23. Qc3 f6 24. Ba3 Ree8 25. Rb1 Rec8 26. Qd3 Rc7 27. h4 Rac8 28. Rb5 Qa2 29. Bb2 a4 30. Rb6 Ra8 31. Ne6 Re7 32. Qa3 Qxa3 33. Bxa3 Rd7 34. Nc5 Rd1+ 35. Kh2 Ra1 36. Bb2 Rb1 37. Rxb7 a3 38. Bd4 Rxb7 39. Nxb7 a2 1/2-1/2

[Event "Oberliga Ost A 2023 2024"]
[Site "?"]
[Date "2024.01.14"]
[Round "5.1"]
[Board "7"]
[White "Reucker, Friedrich"]
[Black "Gehmlich, Marcel"]
[Result "1-0"]
[WhiteElo "1973"]
[BlackElo "2195"]
[PlyCount "169"]
[EventDate "2023.10.22"]
[EventType "team-tourn"]
[EventCountry "GER"]
[WhiteTeam "Erfurt SV Empor"]
[BlackTeam "Dresden SG Gruen Weiss"]
[WhiteTeamCountry "GER"]
[BlackTeamCountry "GER"]

1. d4 Nf6 2. Bf4 e6 3. e3 b6 4. Qf3 d5 5. Nc3 Bb7 6. O-O-O a6 7. g4 Bd6 8. Nge2 Qe7 9. g5 Ne4 10. Nxe4 dxe4 11. Qg4 Nd7 12. Bg2 f5 13. gxf6 Nxf6 14. Qh4 O-O-O 15. Be5 Rdf8 16. Nf4 Kb8 17. Rhg1 Qf7 18. Bh3 Bc8 19. Ne2 Bb7 20. Nc3 Bxe5 21. dxe5 Nd7 22. Qg5 h6 23. Qxg7 Qxg7 24. Rxg7 Nxe5 25. Rf1 Nf3 26. Rh1 e5 27. Bg4 Nh4 28. Re7 Rxf2 29. Rxe5 Nf3 30. Rh5 Rd8 31. Rd1 Rxd1+ 32. Nxd1 Rg2 33. h3 Ne1 34. Nc3 Nxc2 35. Nd1 Nb4 36. Rxh6 Nd3+ 37. Kb1 Ne5 38. Rh8+ Ka7 39. Rg8 Bd5 40. Rg5 Nxg4 41. Rxg4 Rh2 42. h4 Bc4 43. Nc3 Bd3+ 44. Kc1 Rc2+ 45. Kd1 Rxb2 46. Rg7 Kb8 47. h5 Rh2 48. Rh7 b5 49. h6 Rh1+ 50. Kd2 Rh2+ 51. Ke1 c5 52. Rh8+ Kb7 53. h7 c4 54. a3 Rh5 55. Kf2 a5 56. Nxb5 Rxb5 57. Rf8 Rh5 58. h8=Q Rxh8 59. Rxh8 c3 60. Ke1 Kb6 61. Rh5 Bc2 62. Re5 a4 63. Re8 Kc7 64. Ke2 Kd7 65. Rb8 Kc7 66. Rb4 Kd6 67. Rb8 Kc7 68. Rf8 Bb3 69. Ke1 Bc2 70. Re8 Kd7 71. Rb8 Bb3 72. Rb4 Kd6 73. Rxe4 Kd5 74. Rd4+ Ke5 75. Ke2 Kf5 76. Kd3 c2 77. Kd2 Ke5 78. Rb4 Kd5 79. Rb8 Ke4 80. Re8+ Kd5 81. Kc1 Kd6 82. Rc8 Ke5 83. Rxc2 Bxc2 84. Kxc2 Ke4 85. Kd2 1-0

[Event "Oberliga Ost A 2023 2024"]
[Site "?"]
[Date "2024.01.14"]
[Round "5.1"]
[Board "8"]
[White "Nake, Matthias"]
[Black "Thorz, Maximilian"]
[Result "1/2-1/2"]
[WhiteElo "2150"]
[BlackElo "1700"]
[PlyCount "38"]
[EventDate "2023.10.22"]
[EventType "team-tourn"]
[EventCountry "GER"]
[WhiteTeam "Dresden SG Gruen Weiss"]
[BlackTeam "Erfurt SV Empor"]
[WhiteTeamCountry "GER"]
[BlackTeamCountry "GER"]

1. e4 c5 2. c4 Nc6 3. g3 e5 4. Bg2 d6 5. d3 g6 6. Nc3 Bg7 7. Nge2 Nge7 8. O-O O-O 9. Rb1 Be6 10. a3 Rb8 11. Nd5 b6 12. Nec3 Nd4 13. b4 Nxd5 14. Nxd5 Qd7 15. Be3 Bxd5 16. cxd5 Rfc8 17. Qd2 Qa4 18. Qb2 h5 19. Bxd4 cxd4 1/2-1/2

[Event "Oberliga Ost A 2023 2024"]
[Site "?"]
[Date "2024.01.14"]
[Round "5.2"]
[Board "1"]
[White "Mastrovasilis, Dimitrios"]
[Black "Spivak, Ilya"]
[Result "1-0"]
[WhiteElo "2577"]
[BlackElo "2304"]
[PlyCount "57"]
[EventDate "2023.10.22"]
[EventType "team-tourn"]
[EventCountry "GER"]
[WhiteTeam "Plauen SK Koenig"]
[BlackTeam "Hoyerswerda FVS ASP"]
[WhiteTeamCountry "GER"]
[BlackTeamCountry "GER"]

1. e4 c5 2. Nf3 e6 3. g3 Nc6 4. Bg2 Nf6 5. Nc3 d5 6. exd5 Nxd5 7. Nxd5 Qxd5 8. O-O Be7 9. d4 O-O 10. Be3 Qf5 11. dxc5 Rd8 12. Qb1 Bxc5 13. g4 Qd5 14. c4 Qd6 15. Ng5 f5 16. gxf5 Bxe3 17. fxe3 Qe5 18. Qe1 h6 19. Nxe6 Bxe6 20. fxe6 Rd3 21. Qf2 Kh8 22. Qf7 Rg8 23. Qxb7 Qxe3+ 24. Kh1 Nd8 25. Qe4 Nxe6 26. Rae1 Qxe4 27. Bxe4 Rd6 28. Bd5 Re8 29. Rf5 1-0

[Event "Oberliga Ost A 2023 2024"]
[Site "?"]
[Date "2024.01.14"]
[Round "5.2"]
[Board "2"]
[White "Hovsepyan, Vardan"]
[Black "Zawadzka, Jolanta"]
[Result "1/2-1/2"]
[WhiteElo "2278"]
[BlackElo "2349"]
[PlyCount "159"]
[EventDate "2023.10.22"]
[EventType "team-tourn"]
[EventCountry "GER"]
[WhiteTeam "Hoyerswerda FVS ASP"]
[BlackTeam "Plauen SK Koenig"]
[WhiteTeamCountry "GER"]
[BlackTeamCountry "GER"]

1. e4 c6 2. d4 d5 3. exd5 cxd5 4. Bd3 Nf6 5. c3 Bg4 6. Qb3 Qc7 7. h3 Bh5 8. Bg5 e6 9. Nd2 Nc6 10. Ngf3 Bd6 11. O-O Nd7 12. Qc2 h6 13. Be3 f5 14. g4 Bf7 15. gxf5 O-O-O 16. fxe6 Bxe6 17. Bf5 Bxf5 18. Qxf5 Ne7 19. Qd3 Nf6 20. Ne5 Bxe5 21. dxe5 Qxe5 22. Bxa7 Nc6 23. Bb6 Rd7 24. Rae1 Qh5 25. Re3 Ne4 26. Nxe4 dxe4 27. Qxe4 Qb5 28. Bd4 Qxb2 29. Qb1 Qxb1 30. Rxb1 Nxd4 31. cxd4 Rhd8 32. Reb3 Rf7 33. Rc1+ Kb8 34. Rd1 Rd5 35. Rg3 g5 36. Kg2 Rf6 37. Rd2 b6 38. Rg4 Kc7 39. Re4 Kc6 40. Rc2+ Kb5 41. Re5 Rf5 42. Rb2+ Ka5 43. Re8 b5 44. a4 Rf6 45. axb5 Kb6 46. Ra8 Kb7 47. Ra4 Rfd6 48. Kf3 Rxd4 49. Rxd4 Rxd4 50. b6 Rf4+ 51. Kg3 Rf6 52. Rb4 Rd6 53. h4 Rd5 54. hxg5 hxg5 55. Kg4 Rc5 56. f3 Rd5 57. Rb3 Rc5 58. Kh5 Rd5 59. Kg6 Re5 60. Kf6 Ra5 61. Re3 Kxb6 62. Re5 Ra3 63. Rf5 Kc7 64. Kxg5 Kd7 65. Kf6 Ke8 66. Re5+ Kf8 67. f4 Ra7 68. f5 Rf7+ 69. Kg6 Rg7+ 70. Kf6 Rf7+ 71. Kg5 Rg7+ 72. Kf4 Ra7 73. Re6 Kf7 74. Kg5 Ra1 75. Rf6+ Kg7 76. Rc6 Rg1+ 77. Kf4 Kf7 78. Rc2 Rf1+ 79. Ke5 Re1+ 80. Kf4 1/2-1/2

[Event "Oberliga Ost A 2023 2024"]
[Site "?"]
[Date "2024.01.14"]
[Round "5.2"]
[Board "3"]
[White "Kunze, Carlo"]
[Black "Boehm, Robert"]
[Result "1/2-1/2"]
[WhiteElo "2271"]
[BlackElo "2143"]
[PlyCount "51"]
[EventDate "2023.10.22"]
[EventType "team-tourn"]
[EventCountry "GER"]
[WhiteTeam "Plauen SK Koenig"]
[BlackTeam "Hoyerswerda FVS ASP"]
[WhiteTeamCountry "GER"]
[BlackTeamCountry "GER"]

1. d4 d5 2. c4 c6 3. Nc3 Nf6 4. cxd5 cxd5 5. Bf4 a6 6. e3 Nc6 7. Bd3 Bg4 8. Nge2 e6 9. O-O Be7 10. Rc1 O-O 11. Na4 Rc8 12. a3 Na5 13. Rxc8 Qxc8 14. b4 Nc4 15. Qa1 Qc6 16. Nac3 b5 17. Rb1 Rc8 18. Qa2 Bh5 19. Rb3 Bg6 20. Bxg6 hxg6 21. Nc1 Nh5 22. Bg3 Nxg3 23. hxg3 e5 24. dxe5 Nxe5 25. N1e2 Nc4 26. Nd4 1/2-1/2